Selemundo (Record no. 143061)

MARC details
000 -LEADER
campo de control de longitud fija 00468nas a2200169 i 4500
001 - NÚMERO DE CONTROL
campo de control 143061
003 - IDENTIFICADOR DE NÚMERO DE CONTROL
campo de control ES-MaACL
005 - FECHA Y HORA DE LA ÚLTIMA TRANSACCIÓN
campo de control 20250217134826.0
007 - CAMPO FIJO DE DESCRIPCIÓN FÍSICA--INFORMACIÓN GENERAL
campo de control de longitud fija t|
008 - DATOS DE LONGITUD FIJA--INFORMACIÓN GENERAL
campo de control de longitud fija 070214d19661967sp | r |001 |spa d
245 00 - MENCIÓN DEL TÍTULO
Título Selemundo
Resto del título : todo cuanto todos deben saber.
260 ## - PUBLICACIÓN, DISTRIBUCIÓN, ETC.
Lugar de publicación, distribución, etc. Madrid :
Nombre del editor, distribuidor, etc. Selecciones del Reader's Digest,
Fecha de publicación, distribución, etc. [1966-1967] (
Fabricante Grafiplax)
300 ## - DESCRIPCIÓN FÍSICA
Extensión IV, 1018 p. ;
Dimensiones 21 cm.
852 ## - LOCALIZACIÓN
Ubicación ES-MaACL
Número de control de estantería C-31107
866 #0 - MENCIÓN TEXTUAL DE FONDOS--UNIDAD BIBLIOGRÁFICA BÁSICA
Fondos 1967
Holdings
Estatus retirado Estado de pérdida Estado de daño No para préstamo Colección Biblioteca de origen Biblioteca actual Ubicación en estantería Fecha de adquisición Fuente de adquisición Total de préstamos Signatura topográfica completa Código de barras Visto por última vez Precio de reemplazo Tipo de ítem Koha
        Periódicos y Revistas Biblioteca del Ateneo de Madrid Biblioteca del Ateneo de Madrid Depósito 2 17/01/2008     C-31107 1148846 23/02/2023 23/02/2023 Revista